Słowacka imigracja według państw - Statystyki

Ogólne statystyki
  • Ten quiz został rozwiązany 160 razy
  • Średni wynik to 15 z 20
Statystyki odpowiedzi
Ludzie Państwo % Poprawnych
4 497 Niemcy
99%
12 702 Czechy
98%
6 072 Polska
98%
165 041 Ukraina
98%
9 606 Węgry
97%
8 092 Rosja
94%
2 580 Austria
90%
6 756 Rumunia
88%
1 540 Francja
81%
2 977 Włochy
79%
19 065 Serbia
77%
2 791 Chiny
71%
2 706 Wielka Brytania
70%
1 602 Bułgaria
69%
2 586 Indie
67%
1 753 Bośnia i Hercegowina
52%
3 510 Macedonia Północna
48%
8 448 Wietnam
41%
4 245 Gruzja
32%
1 497 Korea Południowa
26%
Nie znaleziono quizów pasujących do podanych kryteriów
Rozkład punktacji
Procent ludzi z każdym wynikiem
Percentyl według liczby udzielonych odpowiedzi
Twoja historia wyników
Nie rozwiązałeś tego quizu